Music Quiz

Random Music or Missing Word Quiz

Missing Word-Bon Jovi song titles Quiz Stats

 Plays Quiz not verified by Sporcle

Score 0/20 Timer 03:00
0 Plays Today
Song Answer % Correct
Bed Of ________Roses
97.9%
________ Dead Or AliveWanted
97.2%
Livin´ On A ________Prayer
96.6%
You Give ________ A Bad NameLove
95.9%
It´s My ________Life
91.7%
Shot ________ The HeartThrough
91%
Bad ________Medicine
89.7%
Born To Be My ________Baby
87.6%
Who Says You Can´t Go ________Home
85.5%
Thank You For ________ MeLoving
85.5%
Song Answer % Correct
I´ll ________ When I´m DeadSleep
84.8%
Someday I´ll Be ________ NightSaturday
75.9%
Living In ________Sin
70.3%
We Weren´t Born To ________Follow
69%
(You Want To) Make A ________Memory
66.9%
________ CountyDry
63.4%
Hey ________God
54.5%
________ RoadTokyo
49%
________ Of OneArmy
34.5%
Love ________Lies
29.7%

You're not logged in!

Compare scores with friends on all Sporcle quizzes.
OR
Log In

You Might Also Like...

Show Comments

Extras

Top Quizzes Today


Score Distribution

Your Account Isn't Verified!

In order to create a playlist on Sporcle, you need to verify the email address you used during registration. Go to your Sporcle Settings to finish the process.

Report this User

Report this user for behavior that violates our Community Guidelines.

Details: